000 00988cam a2200289 a 4500
001 23423
003 BD-RjUL
005 20211209000928.0
008 140310r19501921e abf 001 0 eng u
035 _a(BD-RjUL)23488
035 _a(OCoLC)4559420
040 _aACL
_dm.c
_dOCL
_dEQO
_dBD-RjUL
_beng
_cBD-RjUL
041 1 _aeng
_agrc
_hgrc
082 0 4 _a888
_bHEH 1950
090 _aPA3612
_b.H5 1921
100 0 _aHerodotus.
_972137
245 1 0 _aHerodotus /
_cwith an English translation by A. D. Godley.
_nVolumes II
_pBooks III and IV
260 _aCambridge, Mass. ;
_bHarvard University Press ;
_aLondon :
_bW. Heinemann,
_c1921 [reprinted 1950].
300 _aV-4 (415 p.) :
_bfolded maps ;
_c17 cm.
504 _aincludes index.
650 0 _aHistory, Ancient
_vEarly works to 1800.
_972138
651 0 _aGreece
_xHistory.
_972139
700 1 _aGodley, A. D.
_q(Alfred Denis),
_d1856-1925.
_972140
830 0 _aLoeb classical library.
_972142
942 _2ddc
_cBK
999 _c23423
_d23423